Catálogo
 En Linea
Vista normal Vista MARC

Entrada Nombre personal

Número de registros utilizados en: 11

001 - NÚMERO DE CONTROL

  • campo de control: 25177

003 - IDENTIFICADOR DEL NÚMERO DE CONTROL

  • campo de control: OSt

005 - FECHA Y HORA DE LA ÚLTIMA TRANSACCIÓN

  • campo de control: 20230201091803.0

008 - DATOS DE LONGITUD FIJA

  • campo de control de longitud fija: 200615|| aca||aabn | a|a d

040 ## - FUENTE DE LA CATALOGACIÓN

  • Centro catalogador/agencia de origen: DO-SdBNP
  • Lengua de catalogación: spa
  • Centro/agencia transcriptor: BNPHU

100 1# - ENCABEZAMIENTO-NOMBRE DE PERSONA

  • Nombre de persona: Prats-Ramírez de Pérez, Yvelisse

370 ## - LUGAR ASOCIADO

  • Lugar de nacimiento: Santo Domingo (República Dominicana)

374 ## - OCUPACIÓN

  • Ocupación: Educadora
  • Ocupación: Política

375 ## - GÉNERO/SEXO

  • Género/Sexo: Femenino

400 1# - TRAZADO DE VÉASE--NOMBRE DE PERSONA

  • Nombre de persona: t.c. (Prats Ramírez, Ivelisse)

400 1# - TRAZADO DE VÉASE--NOMBRE DE PERSONA

  • Nombre de persona: Ramírez, Ivelisse Prats

400 1# - TRAZADO DE VÉASE--NOMBRE DE PERSONA

  • Nombre de persona: Ramírez de Pérez, Ivelisse Prats-

400 1# - TRAZADO DE VÉASE--NOMBRE DE PERSONA

  • Nombre de persona: De Perez, Ivelisse Prats-Ramírez

400 1# - TRAZADO DE VÉASE--NOMBRE DE PERSONA

  • Nombre de persona: Pérez, Ivelisse Prats-Ramírez de

670 ## - FUENTE DE DATOS ENCONTRADOS

  • Cita de la fuente: Work cat.: (OSt)9935: Guerrero, Celio, 1951- 21066, Fortuito /, 2004.

670 ## - FUENTE DE DATOS ENCONTRADOS

  • Cita de la fuente: Los principales problemas de la educación secundaria dominicana ... 1966.

670 ## - FUENTE DE DATOS ENCONTRADOS

  • Cita de la fuente: Por la educación, 1981:
  • Información encontrada: (Ivelisse Prats-Ramírez de Pérez)

Con tecnología Koha